| 000 | 00363nam a2200145Ia 4500 | ||
|---|---|---|---|
| 008 | 150301s2011 xx 000 0 und d | ||
| 082 |
_a610.732 _bH11S |
||
| 100 | _aSAWANT, SUREKHA | ||
| 245 | _aHEALTH ECONOMICS FOR NURSES | ||
| 250 | _a1ST | ||
| 260 |
_bAP. JAIN & COMP. _aDELHI _c2011 |
||
| 300 | _a126 | ||
| 650 | _aCOMMUNITY HEALTH NURSING | ||
| 942 |
_2ddc _cBK |
||
| 999 |
_c6768 _d6768 |
||